| 000 | 01266nam0a22003011 4500 | ||
|---|---|---|---|
| 001 | rc\3625022 | ||
| 005 | 20130115144447.8 | ||
| 021 |
_aRU _b71-60991 |
||
| 021 |
_aRU _bРг15541-72 |
||
| 035 | _a(NLR Aleph) 007720145 | ||
| 090 |
_a6942260 _c6942260 |
||
| 100 | _a20130115d1971 |||y0rusy50 ca | ||
| 101 | 0 | _arus | |
| 102 | _aRU | ||
| 105 | _ay z ||||| | ||
| 200 | 1 |
_aСовмещенные посевы кукурузы и джугары с соей _fИн-т науч.-техн. информации и пропаганды Госплана УзССР |
|
| 210 |
_aТашкент _cБ. и. _d1971 |
||
| 215 |
_a5 с. _d20 |
||
| 225 | 1 |
_aСерия: Новые достижения науки и передовой опыт _iЖивотноводство и кормодобывание |
|
| 300 | _aПеред загл. авт.: И.В. Массино, С.К. Кадамов, А.В. Крыжинская | ||
| 700 | 1 |
_aМассино _bИ. В. _gИгорь Всеволодович |
|
| 701 | 1 |
_aКадамов _bС. К. _gСафар Кадамович |
|
| 701 | 1 |
_aКрыжинская _bА. В. _gАлександра Васильевна |
|
| 801 | 0 |
_aRU _bNLR _gpsbo |
|
| 801 | 1 |
_aRU _bELAR _2rusmarc |
|
| 852 |
_aNLR _j72-4/23516 |
||
| 942 | _cBOOK | ||
| 980 | _aNB | ||